000 00405cam a2200157ua 4500
003 OSt
008 250108b |||||||| |||| 00| 0 eng d
041 _aeng
082 _a621.384
_bTER/EL
100 _aTerman, Frederick Emmens .
_96871
245 _aElectronic and radio engineering /
250 _a4 /
260 _aNew York :
_bMcGraw Hill Book Company ,
_c1972.
300 _a1078 ; .
942 _cBK
999 _c9161
_d9161